Aldabas
Sparad:
| Huvudupphovsman: | |
|---|---|
| Materialtyp: | Bok |
| Språk: | spanska |
| Publicerad: |
Santiago
Edicola
2016
|
| Upplaga: | 1a. ed |
| Serie: | Colección Canción Callejera
|
| Ämnen: | |
| Taggar: |
Lägg till en tagg
Inga taggar, Lägg till första taggen!
|
MARC
| LEADER | 00000cam a2200000 a 4500 | ||
|---|---|---|---|
| 001 | UCD6119 | ||
| 003 | CL-VaPUC | ||
| 008 | 161118e20160000cl |||||||||||||||||spa|d | ||
| 020 | |a 9789569277344 | ||
| 082 | 0 | 4 | |a Ch861 |b GAR |2 21 |
| 100 | |a García Moggia, Macarena |e autora |9 807216 | ||
| 245 | 1 | 0 | |a Aldabas |
| 250 | |a 1a. ed | ||
| 300 | |a 65 p | ||
| 942 | |c BK | ||
| 945 | |d 20161118 09:36:00 |a dcastane | ||
| 260 | |a Santiago |b Edicola |c 2016 | ||
| 650 | 0 | |a Poesías chilenas |9 265280 | |
| 650 | 0 | |a Literatura chilena |9 308278 | |
| 583 | |a last modification |c 20161118 09:36:00 |k Rodrigo Vera | ||
| 490 | 0 | |a Colección Canción Callejera | |
| 999 | |c 366500 |d 366498 | ||
| 952 | |0 0 |1 0 |3 erb |4 0 |6 CH_861_000000000000000_GAR_2016 |7 0 |8 A |9 480775 |a BIBART |b BIBART |i 5349788 |o Ch861 GAR 2016 |p 5349788 |r 2025-03-13 |w 2019-11-24 |y BK |z Catalogado en:20161118 |k ART | ||
| 952 | |0 0 |1 0 |3 erb |4 0 |6 CH_861_000000000000000_GAR_2016 |7 0 |8 A |9 480776 |a BIBART |b BIBART |i 5349796 |o Ch861 GAR 2016 |p 5349796 |r 2025-03-13 |w 2019-11-24 |y BK |z Catalogado en:20161118 |k ART | ||